000
00362nam a2200157Ia 4500
003
0STCL
008
150530s9999 xx 000 0 und d
040
_a
STCL
_c
STCL
100
_a
Ambedkar, B.R.
245
_a
Problem of the rupee origin and its solution
260
_c
1923
546
_a
English
942
_2
ddc
_c
BK
999
_c
8050
_d
8050
005
20220125165500.0